Consideraciones en torno a los hechos arqueologicos /
Guardado en:
| Autor Principal: | |
|---|---|
| Formato: | Libro |
| Publicado: |
Barcelona :
Miscelanea Arqueologica. Diputacion. Inst.de Prehist. Y Arqu.,
1974
|
| Series: | Sep. Tomo I
|
| Materias: | |
| Etiquetas: |
Agregar Etiqueta
Sin Etiquetas, Sea el primero en etiquetar este registro!
|
| LEADER | 00557nam a22001695a 4500 | ||
|---|---|---|---|
| 001 | EHU.bham004175 | ||
| 003 | AR-BHAM | ||
| 005 | 20080103122744.0 | ||
| 008 | 130507s1974##################000#0#####d | ||
| 082 | 5 | 7 | |a 571 |
| 100 | 1 | |a Austral, Antonio G. | |
| 245 | 1 | 0 | |a Consideraciones en torno a los hechos arqueologicos / |c Antonio G. Austral. |
| 260 | |a Barcelona : |b Miscelanea Arqueologica. Diputacion. Inst.de Prehist. Y Arqu., |c 1974 | ||
| 300 | |a 18 p. | ||
| 490 | 0 | |a Sep. Tomo I | |
| 653 | |a Arqueologia | ||
| 859 | |a AR-BHAM |b BIB. HUMANIDADES - General |h 571 |i Au78-4 |p 164.74 |t Ej.1 | ||
